Python for Data Analysis

Guardat en:
Dades bibliogràfiques
Format: Llibre
Publicat: Shroff
Etiquetes: Afegir etiqueta
Sense etiquetes, Sigues el primer a etiquetar aquest registre!

MARC

LEADER 00000nam a2200000Ia 4500
005 20260515061616.0
020 |a 9789355421906 
942 |c BK 
245 |a Python for Data Analysis 
260 |b Shroff 
999 |c 40  |d 40 
952 |0 0  |1 0  |4 0  |7 0  |a ABDN  |b ABDN  |d 2026-05-15  |l 0  |p 000045  |r 2026-05-15 06:16:16  |w 2026-05-15  |y BK